00388 a2200121 4500003000500000005001700005040000900022082000800031245007900039260002600118650009900144651002300243Nust20170207155449.0 cNust a799 aAllied Officers Meet with Comdt (Different Countries)Photgraphs-2012 cMCS aRawalpindibMCSc2012 aPictures of Allied Officers Meet with Comdt (Different Countries)Photgraphs-2012,(CD- NO 22)  aSweet Memories-MCS